000
00306nam a2200121Ia 4500
008
220204s9999 xx 000 0 und d
082
_a
631.811.98
_b
TUK
100
_a
TUKEY, H B
245
0
_a
Plant regulators in agriculture.
260
_a
New York
_b
Wiley&c1954
650
_a
Plant regulators
942
_c
BK
999
_c
19634
_d
19634